Geographie Südamerikas Quiz #1 - Statistiken

Allgemein
  • Dieses Quiz wurde 4.660 mal gespielt
  • Das Durchschnittsergebnis liegt bei 10 aus 20
Antwortstatistiken
Frage Antwort % Korrekt
Was ist der längste Fluss Südamerikas? Amazonas
98%
Was ist die längste Gebirgskette Südamerikas? Anden
92%
In welcher Stadt findet man den Zuckerhut und den Strand von Ipanema? Rio de Janeiro
88%
Welche beiden Hauptstädte befinden sich am Río de la Plata? Buenos Aires
71%
Was ist die am meisten gesprochene Sprache in Südamerika? Portugiesisch
70%
Welche beiden Hauptstädte befinden sich am Río de la Plata? Montevideo
63%
Wie heißen die zwei Hauptstädte Boliviens? La Paz
52%
Welche Inseln werden von den Argentiniern Islas Malvinas genannt? Falklandinseln
50%
Welchem Land gehören die ABC-Inseln: Aruba, Bonaire, and Curaçao? Niederlande
50%
Welche "verlorene Stadt" der Inkas ist eine beliebte Touristenattraktion? Machu Picchu
48%
Welche Inselkette befindet sich im äußersten Süden des Kontinents? {Feuer}land
46%
Welcher See in 3812 Metern Höhe ist der größte in Südamerika? Titicaca-See
46%
Wie heißt die Region mit fruchtbarem Grasland in Uruguay, Argentinien und Brasilien?(Hinweis: Startet mit P) Pampas
43%
Wie heißen die zwei Hauptstädte Boliviens? Sucre
43%
Welche chilenische Wüste ist die trockenste nicht-polare Wüste der Erde? Atacama-Wüste
39%
Wie heißt die zweitgrößte Stadt Kolumbiens? Medellin
38%
Welche Passage ermöglicht es den Menschen, zwischen dem oben genannten und dem südamerikanischen Festland zu segeln? {Magellan}straße
32%
Welche Stadt inmitten des Amazonas-Regenwaldes war einst die Heimat märchenhaft reicher Kautschukbarone? Manaus
23%
Welcher in Venezuela gelegene Wasserfall ist der höchste weltweit? Salto Ángel
23%
Welche Art von Düngemittel wurde im 19. Jahrhundert auf den peruanischen Chincha-Inseln abgebaut? Guano
18%
Keine übereinstimmenden Quizze gefunden
Verteilung der Resultate
Anzahl Personen mit jedem Resultat
Perzentil nach korrekt beantworteten Fragen
Ihre Resultats-Entwicklung
Sie haben dieses Quiz noch nicht gespielt